Подробности
| 000 -МАРКЕР |
| контрольное поле |
02281nam0a2200337 4500 |
| 001 - ИДЕНТИФИКАТОР ЗАПИСИ |
| контрольное поле |
RU\NLR\bibl\108072 |
| 005 - ИДЕНТИФИКАТОР ВЕРСИИ |
| контрольное поле |
20260503063926.0 |
| 021 ## - НОМЕР ГОСУДАРСТВЕННОЙ РЕГИСТРАЦИИ |
| Код страны |
Российская Федерация |
| Номер |
2000-32703 |
| Номер Листа государственной регистраци |
1529 |
| 035 ## - ДРУГИЕ СИСТЕМНЫЕ НОМЕРА |
| Идентификатор записи |
(NLR Aleph) 000105779 |
| 100 ## - ДАННЫЕ ОБЩЕЙ ОБРАБОТКИ |
| Данные общей обработки |
20000914d2000 |||y0rusy50 ca |
| 101 0# - ЯЗЫК РЕСУРСА |
| Язык текста, звукозаписи и т.д. |
русский |
| 102 ## - СТРАНА ПУБЛИКАЦИИ ИЛИ ПРОИЗВОДСТВА |
| Страна публикации |
Российская Федерация |
| 105 ## - ПОЛЕ КОДИРОВАННЫХ ДАННЫХ: ТЕКСТОВЫЕ МАТЕРИАЛЫ, МОНОГРАФИЧЕСКИЕ |
| Кодированные данные о монографическом текстовом документе |
a ||||||||| |
| 200 1# - ЗАГЛАВИЕ И СВЕДЕНИЯ ОБ ОТВЕТСТВЕННОСТИ |
| Основное заглавие |
Инструментальные исследования для управления физиологическими параметрами систем организма человека |
| Сведения, относящиеся к заглавию |
Учеб. пособие |
| -- |
[Для студентов, обучающихся по спец. 190500 "Биотехн. и мед. аппараты и системы"] |
| Первые сведения об ответственности |
И.Я. Львович, О.В. Родионов, Е.Д. Федорков и др. |
| Последующие сведения об ответственности |
[Науч. ред. Засл. деят. науки РФ, д.т.н., проф. В.Н. Фролов] |
| -- |
М-во образования Рос. Федерации, Воронеж. гос. техн. ун-т, Междунар. ун-т высоких технологий |
| 210 ## - ПУБЛИКАЦИЯ, РАСПРОСТРАНЕНИЕ И ДР. |
| Место издания, распространения и т.д. |
Воронеж |
| Имя издателя, распространителя и т. д. |
Изд-во ВГТУ |
| Дата издания, распространения и т.д. |
2000 |
| 215 ## - ФИЗИЧЕСКАЯ ХАРАКТЕРИСТИКА |
| Специфическое обозначение материала и объем |
174 с. |
| Другие сведения о физической характеристике |
ил. |
| Размеры |
20 |
| 320 ## - ПРИМЕЧАНИЯ О НАЛИЧИИ В ДОКУМЕНТЕ БИБЛИОГРАФИИ / УКАЗАТЕЛЯ |
| Текст примечания |
Библиогр.: с. 172-173 (21 назв.) |
| 606 0# - НАИМЕНОВАНИЕ ТЕМЫ КАК ПРЕДМЕТ |
| Наименование темы |
Физиологические исследования |
| Формальный подзаголовок |
Руководства, пособия и т.п. |
| Тематический подзаголовок |
Аппараты и приборы |
| Системный номер авторитетной/нормативной записи |
1870957 |
| Идентификатор авторитетной/нормативной записи |
RU\NLR\auth\661140253 |
| 606 0# - НАИМЕНОВАНИЕ ТЕМЫ КАК ПРЕДМЕТ |
| Наименование темы |
Физиологические исследования |
| Формальный подзаголовок |
Учебные издания для высшей школы |
| Тематический подзаголовок |
Аппараты и приборы |
| Системный номер авторитетной/нормативной записи |
1870957 |
| Идентификатор авторитетной/нормативной записи |
RU\NLR\auth\661140253 |
| 686 ## - ИНДЕКСЫ ДРУГИХ КЛАССИФИКАЦИЙ |
| Индекс |
Е903с5я73 |
| 701 #1 - ИМЯ ЛИЦА - АЛЬТЕРНАТИВНАЯ ОТВЕТСТВЕННОСТЬ |
| Начальный элемент ввода |
Львович |
| Часть имени, кроме начального элемента ввода |
И. Я. |
| Расширение инициалов личного имени |
Игорь Яковлевич |
| Код отношения |
Автор |
| 701 #1 - ИМЯ ЛИЦА - АЛЬТЕРНАТИВНАЯ ОТВЕТСТВЕННОСТЬ |
| Код отношения |
Автор |
| Начальный элемент ввода |
Родионов |
| Часть имени, кроме начального элемента ввода |
О. В. |
| Дополнения к именам, кроме дат |
д-р техн. наук |
| Даты |
1963- |
| Расширение инициалов личного имени |
Олег Валерьевич |
| Идентификатор авторитетной/нормативной записи |
RU\NLR\AUTH\770128195 |
| Системный номер авторитетной/нормативной записи |
128168 |
| 701 #1 - ИМЯ ЛИЦА - АЛЬТЕРНАТИВНАЯ ОТВЕТСТВЕННОСТЬ |
| Код отношения |
Автор |
| Материалы, к которым относится поле |
rus |
| Графика поля |
Кириллица |
| Начальный элемент ввода |
Федорков |
| Часть имени, кроме начального элемента ввода |
Е.Д. |
| Расширение инициалов личного имени |
Евгений Дмитриевич |
| Идентификатор авторитетной/нормативной записи |
RU\NLR\auth\7718707 |
| Системный номер авторитетной/нормативной записи |
1783 |
| 702 #1 - ИМЯ ЛИЦА - ВТОРИЧНАЯ ОТВЕТСТВЕННОСТЬ |
| Код отношения |
Редактор |
| Материалы, к которым относится поле |
rus |
| Графика поля |
Кириллица |
| Начальный элемент ввода |
Фролов |
| Часть имени, кроме начального элемента ввода |
В. Н. |
| Даты |
1937- |
| Дополнения к именам, кроме дат |
д-р техн. наук |
| Расширение инициалов личного имени |
Вадим Николаевич |
| Идентификатор авторитетной/нормативной записи |
RU\NLR\auth\7727933 |
| Системный номер авторитетной/нормативной записи |
10964 |
| 801 #0 - ИСТОЧНИК ЗАПИСИ |
| Страна |
Российская Федерация |
| Организация |
NLR |
| Дата составления |
20000914 |
| Правила каталогизации |
PSBO |
| 801 #1 - ИСТОЧНИК ЗАПИСИ |
| Страна |
Российская Федерация |
| Организация |
NLR |
| Дата составления |
20000914 |
| 852 ## - МЕСТОНАХОЖДЕНИЕ И ШИФР ХРАНЕНИЯ |
| Идентификатор организации |
NLR |
| Шифр хранения (Call Number) |
2000-3/9075 |
| 942 ## - ДОПОЛНИТЕЛЬНЫЕ ЭЛЕМЕНТЫ ЗАПИСИ (АБИС) |
| Тип экземпляра АБИС |
Книга |
| 980 ## - КОЛЛЕКЦИЯ |
| Название коллекции |
Национальная библиография |